| 000 | 00992nam a2200241 a 4500 | ||
|---|---|---|---|
| 001 | BRCA_6081 | ||
| 005 | 20190320205328.0 | ||
| 008 | 120608s1984----mx-#---###---#000-0#spa-# | ||
| 050 | 4 |
_aNK4670.7.M4 _b.V45 1984 |
|
| 100 | 1 |
_aVelázquez Thierry, Luz de Lourdes _91490 |
|
| 245 | 1 | 0 | _aConservación del azulejo en México. |
| 260 |
_aCiudad de México _c1984 |
||
| 300 |
_a233 p. _bil., fotografías |
||
| 502 | _aTesis Licenciatura (Licenciado en Conservación y Restauración de Bienes Muebles) Escuela Nacional de Conservación, Restauración y Museografía ´Manuel Castillo Negrete´ | ||
| 610 | 2 | 4 |
_aMuseo Franz Mayer (Ciudad de México) _xColecciones de cerámica _915291 |
| 650 | 1 | 4 |
_aAzulejos _xComposición y fabricación _915374 |
| 650 | 1 | 4 |
_aAzulejos _xHistoria _zMéxico _915375 |
| 650 | 1 | 4 |
_aAzulejos _xConservación y restauración _915376 |
| 700 | 1 |
_aTorres Montes, Luis _easesor _915377 |
|
| 700 | 1 |
_aBarba Pingarrón, Luis _easesor _915378 |
|
| 902 | _aTES | ||
| 942 |
_2lcc _cTES |
||
| 999 |
_c5768 _d5768 |
||